La gramática de la cortesía en español/LE /

Bibliographic Details
Main Author: Fuentes Rodríguez, Catalina (Author)
Format: Electronic eBook
Language:Spanish
Published: Madrid : Arco/Libros, S. L., [2010]
Series:Cuadernos de didáctica del español/LE.
Subjects:
Online Access:Digitalia Hispánica

MARC

LEADER 00000nam a2200000Ii 4500
001 DIGARCOL0300
003 NyNyDIG
006 m o d
007 cr |||||||||||
008 241001s2010 sp ob 000 0 spa d
035 |a (OCoLC)1402473653 
040 |a DGITA  |b eng  |e rda  |e pn  |c DGITA 
020 |z 9788476358146 
050 1 4 |a PC4112 ebook 
100 1 |a Fuentes Rodríguez, Catalina,  |e author. 
245 1 3 |a La gramática de la cortesía en español/LE /  |c Catalina Fuentes Rodríguez. 
264 1 |a Madrid :  |b Arco/Libros, S. L.,  |c [2010] 
300 |a 1 online resource. 
336 |a text  |b txt  |2 rdacontent 
337 |a computer  |b c  |2 rdamedia 
338 |a online resource  |b cr  |2 rdacarrier 
347 |a text file  |2 rdaft 
347 |b PDF 
490 1 |a Cuadernos de didáctica del español/LE  
504 |a Includes bibliographical references. 
588 0 |a Online resource; title from PDF title page (Digitalia, viewed October 1, 2024) 
650 0 |a Spanish language  |x Grammar. 
650 0 |a Spanish language  |x Social aspects. 
791 2 |a Digitalia (Firm),  |e distributor. 
793 0 |g Digitalia eBook Collection:  |a Arco/Libros 
776 0 8 |i Print version:  |a Fuentes Rodríguez, Catalina.  |t Gramática de la cortesía en español/LE.  |d Madrid : Arco/Libros, S. L., [2010]  |z 9788476358146 
830 0 |a Cuadernos de didáctica del español/LE.  
856 4 0 |3 Digitalia Hispánica  |u https://www.digitaliapublishing.com/a/138321/ 
910 |a Premium collection: 2024